| 000 | 00662nam a2200217Ia 4500 | ||
|---|---|---|---|
| 003 | OSt | ||
| 005 | 20230622123155.0 | ||
| 008 | 210423s2006 xx 000 0 und d | ||
| 020 | _a8180520897 | ||
| 040 | _cAL | ||
| 041 | _aeng | ||
| 082 |
_a547.7 _223 _b AHLV |
||
| 100 |
_aAHLUWALIA (V K);others. _948986 |
||
| 245 | _aChemistry of natural products: amino acids peptides proteins and enzymes. | ||
| 260 |
_aNew Delhi _bAne Books India _c2006 |
||
| 300 |
_aviii,249 _bPB |
||
| 365 |
_b395 _cINR |
||
| 650 |
_aOrganic Chemistry _948987 |
||
| 906 | _aacids ; amino ; ans ; Chemistry ; enzymes. ; natural ; peptides ; products: ; proteins | ||
| 942 |
_2ddc _cBK |
||
| 999 |
_c153751 _d153751 |
||